Ariana Grande - piosenki wg. albumów - Statystyki

Ogólne statystyki
  • Ten quiz został rozwiązany 21 razy
  • Średni wynik to 12 z 96
Statystyki odpowiedzi
Hint Odpowiedź % Poprawnych
Yours Truly Honeymoon Avenue
60%
My Everything Intro
50%
Dangerous Woman Moonlight
40%
My Everything Problem
40%
Eternal Sunshine bye
30%
Eternal Sunshine don't wanna break up again
30%
Thank U, Next imagine
30%
Eternal Sunshine intro
30%
My Everything One Last Time
30%
Eternal Sunshine ordinary things
30%
Positions shut up
30%
Thank U, Next thank u, next
30%
Positions 34+35
20%
Thank U, Next 7 rings
20%
Sweetener blazed
20%
Thank U, Next break up with your girlfriend, i'm bored
20%
Dangerous Woman Dangerous Woman
20%
Eternal Sunshine imperfect for you
20%
Eternal Sunshine i wish i hated you
20%
Sweetener raindrops
20%
Sweetener R.E.M
20%
Eternal Sunshine supernatural
20%
Eternal Sunshine the boy is mine
20%
Sweetener the light is coming
20%
Eternal Sunshine true story
20%
Eternal Sunshine we can't be friends
20%
Eternal Sunshine yes, and?
20%
Yours Truly Almost Is Never Enough
10%
Yours Truly Baby I
10%
Dangerous Woman Bad Decisions
10%
My Everything Bang Bang
10%
Dangerous Woman Be Alright
10%
My Everything Be My Baby
10%
My Everything Best Mistake
10%
Yours Truly Better Left Unsaid
10%
Thank U, Next bloodline
10%
My Everything Break Free
10%
My Everything Break Your Heart Right Back
10%
Yours Truly Daydreamin
10%
Eternal Sunshine eternal sunshine
10%
Dangerous Woman Everyday
10%
Sweetener everytime
10%
Thank U, Next fake smile
10%
Sweetener get well soon
10%
Thank U, Next ghostin
10%
Sweetener God is a woman
10%
Dangerous Woman Greedy
10%
My Everything Hands On Me
10%
Dangerous Woman I Don't Care
10%
Dangerous Woman Into You
10%
My Everything Just A Little Bit Of Your Heart
10%
Dangerous Woman Knew Better / Forever Boy
10%
Dangerous Woman Leave Me Lonely
10%
Dangerous Woman Let Me Love You
10%
My Everything Love Me Harder
10%
Yours Truly Lovin It
10%
Thank U, Next make up
10%
My Everything My Everything
10%
Thank U, Next needy
10%
My Everything Only 1
10%
Sweetener pete davidson
10%
Yours Truly Piano
10%
Yours Truly Popular Song
10%
Positions positions
10%
Yours Truly Right There
10%
Dangerous Woman Side To Side
10%
Dangerous Woman Sometimes
10%
Sweetener successful
10%
Sweetener sweetener
10%
Yours Truly Tattooed Heart
10%
Yours Truly The Way
10%
Dangerous Woman Touch It
10%
My Everything Why Try
10%
My Everything You Don't Know Me
10%
Yours Truly You'll Never Know
10%
Thank U, Next bad idea
0%
Sweetener better off
0%
Sweetener borderline
0%
Sweetener breathin
0%
Sweetener goodnight n go
0%
Thank U, Next in my head
0%
Positions just like magic
0%
Positions love language
0%
Positions motive
0%
Positions my hair
0%
Thank U, Next NASA
0%
Positions nasty
0%
Sweetener no tears left to cry
0%
Positions obvious
0%
Positions off the table
0%
Positions pov
0%
Positions safety net
0%
Eternal Sunshine Saturn Returns Interlude
0%
Positions six thirty
0%
Dangerous Woman Thinking Bout You
0%
Positions west side
0%
Nie znaleziono quizów pasujących do podanych kryteriów
Rozkład punktacji
Procent ludzi z każdym wynikiem
Percentyl według liczby udzielonych odpowiedzi
Twoja historia wyników
Nie rozwiązałeś tego quizu